| 000 | 00507nam a2200193 i 4500 | ||
|---|---|---|---|
| 001 | bgj | ||
| 100 | 1 | _aALLENDE, Isabel. | |
| 245 | 1 | 0 |
_aThe House of Spirits / _cIsabel Allende. |
| 260 |
_aNew York [etc] : _bBantam Books, _c1989. |
||
| 300 |
_a433 pp ; _c18 cm. |
||
| 500 | _aOriginal title: "Casa del los espiritus". | ||
| 650 | 9 | _aDomestic fiction | |
| 020 | _a0553273914 | ||
| 040 | _cBPK | ||
| 041 | 0 | _aeng | |
| 920 | _a0-55327391-4 | ||
| 942 | _cKS | ||
| 008 | s uk f |000 0 eng | ||
| 999 |
_c48374 _d48374 |
||
| 856 |
_uhttp://koha.tu.koszalin.pl/cgi-bin/koha/opac-detail.pl?biblionumber=48374 _yKatalog online BPK |
||